The chemistry of the blood and other stirring messages, (Record no. 2892)
[ view plain ]
| 000 -LEADER | |
|---|---|
| fixed length control field | 00948cam a22002651 4500 |
| 001 - CONTROL NUMBER | |
| control field | 35601 |
| 003 - CONTROL NUMBER IDENTIFIER | |
| control field | GBCCL |
| 005 - DATE AND TIME OF LATEST TRANSACTION | |
| control field | 20241126110442.0 |
| 008 - FIXED-LENGTH DATA ELEMENTS--GENERAL INFORMATION | |
| fixed length control field | 790723r1943 miua 000 0 eng |
| 010 ## - | |
| -- | 43015115 //r882 |
| 035 ## - SYSTEM CONTROL NUMBER | |
| System control number | (OCoLC)01923776 |
| 040 ## - CATALOGING SOURCE | |
| Original cataloging agency | DLC |
| Transcribing agency | DLC |
| 043 ## - | |
| -- | n-us--- |
| 049 ## - | |
| -- | LBBK |
| 050 0# - | |
| -- | BV4301 |
| -- | .D38 |
| 082 ## - DEWEY DECIMAL CLASSIFICATION NUMBER | |
| Classification number | 252 |
| Item number | DEH |
| 092 ## - LOCALLY ASSIGNED DEWEY CALL NUMBER (OCLC) | |
| Classification number | 540.52 |
| Item number | D322 |
| 100 1# - MAIN ENTRY--PERSONAL NAME | |
| Personal name | DeHaan, M. R. |
| Fuller form of name | (Martin Ralph), |
| Dates associated with a name | 1891-1964. |
| 9 (RLIN) | 3953 |
| 245 14 - TITLE STATEMENT | |
| Title | The chemistry of the blood and other stirring messages, |
| Statement of responsibility, etc. | by M. R. De Haan ... |
| 260 ## - PUBLICATION, DISTRIBUTION, ETC. | |
| Place of publication, distribution, etc. | Grand Rapids, Mich., |
| Name of publisher, distributor, etc. | Zondervan publishing house |
| Date of publication, distribution, etc. | [1943] |
| 300 ## - PHYSICAL DESCRIPTION | |
| Extent | 183 p. |
| Other physical details | diagr. |
| Dimensions | 20 cm. |
| 500 ## - GENERAL NOTE | |
| General note | "Sermons ... first preached over the coast-to-coast network of the Mutual broadcasting system ... First published in the form of small booklets, but by popular demand .. bound in one volume."--Foreword. |
| 650 #0 - SUBJECT ADDED ENTRY--TOPICAL TERM | |
| Topical term or geographic name entry element | Sermons, American. |
| 9 (RLIN) | 270 |
| 942 ## - ADDED ENTRY ELEMENTS (KOHA) | |
| Source of classification or shelving scheme | Dewey Decimal Classification |
| Koha item type | Books |
| Koha issues (borrowed), all copies | 1 |
| Withdrawn status | Lost status | Source of classification or shelving scheme | Damaged status | Not for loan | Home library | Current Library | Shelving location | Date acquired | Total checkouts | Full call number | Barcode | Date last seen | Date last checked out | Copy number | Price effective from | Koha item type |
|---|---|---|---|---|---|---|---|---|---|---|---|---|---|---|---|---|
| Dewey Decimal Classification | GRACE BIBLE COLLEGE | GRACE BIBLE COLLEGE | Ministry & Mission | 2017-10-05 | 1 | 252 DEH | 000773 | 2025-05-01 | 2018-10-11 | c.1 | 2017-10-05 | Books |